[Event "Geller Memorial op-B 7th"]
[Site "Odessa"]
[Date "2011.08.21"]
[Round "2"]
[White "Danilov, Andrey"]
[Black "Izmailov, Viktor"]
[Result "1-0"]
[WhiteElo "1881"]
[BlackElo "1721"]
[PlyCount "53"]
[EventDate "2011.08.20"]
[EventType "swiss"]
[EventRounds "9"]
[EventCountry "UKR"]
[SourceTitle "EXT 2014"]
[Source "ChessBase"]
[SourceDate "2013.11.20"]
[SourceVersion "1"]
[SourceVersionDate "2013.11.20"]
[SourceQuality "1"]

1. Nf3 Nc6 2. d4 e6 3. e4 d6 4. c4 Bd7 5. Nc3 Be7 6. Be3 Qc8 7. Bd3 e5 8. d5 Nd8 9. Qc2 h6 10. b4 b6 11. a4 Nb7 12. Nd2 Bf6 13. 0-0 Bg5 14. f4 exf4 15. Bxf4 Qd8 16. Rae1 Bf6 17. e5 dxe5 18. Bxe5 Bxe5 19. Rxe5+ Ne7 20. Rfe1 Kf8 21. Rxe7 Qxe7 22. Rxe7 Kxe7 23. Nb3 Nd8 24. c5 Bg4 25. h3 Bd7 26. c6 Bxc6 27. dxc6 1-0